000 00433nam a2200133Ia 4500
008 220217s9999 xx 000 0 und d
100 _aThomas Mathew
245 2 _aA Study of the microflora associated with two rubber clones and their beneficial roles
260 _bMahatma Gandhi University
_a Kottayam
_c2000
300 _a101
500 _aCourse: M.Phil
700 _aDr Shankar Shashidhar and Dr C Kuruvilla Jacob
942 _cTS
999 _c74632
_d74632